000 01138nam a2200241 i 4500
001 155881
003 ES-MaACL
005 20250731063044.0
008 931025s1793 sp |||| | spa d
040 _aCAM
_bspa
_cPAB
100 1 _aIglesias de la Casa, José,
_d1748-1791
_9128155
245 1 0 _aPoesias póstumas Casa de D. Joseph Iglesias de la Casa, Presbitero
_b: tomo primero que contiene las poesías serias [-tomo segundo que contiene las poesías jocosas].
260 _aEn Salamanca :
_bpor D. Francisco de Toxar,
_c1793.
300 _a2 v. (XX, 204 p., 5 h. de lám. ; XII, [2], 210 p., 6-9 h. de lám.) ;
_c8º.
530 _aDisponible en formato digital.
596 _aMarca tip. en port.
597 _aSign.: [A]-P8 ; [A]-O8.
597 _aAntep.
599 _aLas h. de lám. son grabados calcográficos con el retrato del autor y con escenas que representan el texto ; "Enguidanos lo g."
852 _aES-MaACL
_jR-2223-24
_z-- Enc. pasta española. Olim: F- 14535-36.
856 _uhttp://bdh-rd.bne.es/viewer.vm?id=0000055937&page=1
_zBiblioteca Digital Hispánica
999 _c155881
_d155881